| 000 | 01264aam a2200325 i 4500 | ||
|---|---|---|---|
| 001 | 768714001 | ||
| 003 | CO-MdFUSB | ||
| 005 | 20210118120952.0 | ||
| 007 | ta | ||
| 008 | 210118t1936 enk |||| |||| 00| 0 eng d | ||
| 020 | _a[No incluye ISBN] | ||
| 040 |
_bspa. _aCO-MdFUSB _cCO-MdFUSB _dCO-MdFUSBC _erda |
||
| 041 | _aeng | ||
| 082 |
_223 _a231 _bP936 |
||
| 100 |
_aPrestige, George-Leonard _eautor |
||
| 245 | 1 | 0 |
_aGod in patristic thought _c/ George-Leonard Prestige |
| 264 | 1 |
_aLondon : _bWilliam Heinemann, _c[1936] |
|
| 264 | 4 | _c© 1936 | |
| 300 |
_axxxiii, 318 páginas _c; 22 cm |
||
| 336 |
_atexto _btxt _2rdacontent |
||
| 337 |
_2rdamedia _asin mediación _bn |
||
| 338 |
_2rdacarrier _avolumen _bnc |
||
| 505 | _aDios en el pensamiento patrístico - Elementos del teísmo - La trascendencia divina - La providencia divina - La tríada sagrada - Monoteísmo orgánico - La palabra - Subordinacionismo - Individualidad y objetividad - Objeto y sustancias de Dios - El homoousion - Identidad de la sustancia - Unidad en la Trinidad - El triunfo del formalismo - Co-inherencia | ||
| 563 | _aPasta dura | ||
| 650 | 7 |
_9177 _aTrinidad |
|
| 650 | 7 |
_957 _aAsambleas de Dios _xHistoria |
|
| 942 | _cBK | ||
| 945 | _aJTF-925 | ||
| 999 |
_c45985 _d45985 |
||